00433 2200157 4500001002100000008004100021035002000062245008900082100001600171250000600187260003400193084001400227082000800241650001400249990001200263INLIS000000000001560 ind  a0010-0125000058 aEkonomi Internasional; Teori dan Kebijakan Perdagangan InternasionalcDr. Handy Hady aHady, Handy a1 aSurabaya :bGhalia Indoc2009 a330 HAN e a330 aNon Fiksi a0715089